<?xml version="1.0" encoding="UTF-8"?>
<collection xmlns="http://www.loc.gov/MARC21/slim">
 <record>
  <leader>01406nam a2200181Ia 4500</leader>
  <controlfield tag="001">CTU_18317</controlfield>
  <controlfield tag="008">210402s9999    xx            000 0 und d</controlfield>
  <datafield tag="082" ind1=" " ind2=" ">
   <subfield code="a">657</subfield>
  </datafield>
  <datafield tag="082" ind1=" " ind2=" ">
   <subfield code="b">T311</subfield>
  </datafield>
  <datafield tag="100" ind1=" " ind2=" ">
   <subfield code="a">Nguyễn Trung Tín</subfield>
  </datafield>
  <datafield tag="245" ind1=" " ind2="0">
   <subfield code="a">Quản lý có hiệu quả theo phương pháp Deming: Phần ứng dụng</subfield>
  </datafield>
  <datafield tag="245" ind1=" " ind2="0">
   <subfield code="c">Nguyễn Trung Tín, Phạm Phương Hoa</subfield>
  </datafield>
  <datafield tag="260" ind1=" " ind2=" ">
   <subfield code="a">Hà Nội</subfield>
  </datafield>
  <datafield tag="260" ind1=" " ind2=" ">
   <subfield code="b">Thống kê</subfield>
  </datafield>
  <datafield tag="260" ind1=" " ind2=" ">
   <subfield code="c">1996</subfield>
  </datafield>
  <datafield tag="520" ind1=" " ind2=" ">
   <subfield code="a">Lí thuyết thống kê của tiến sĩ Edward Deming đã từng giúp người Nhật quản lí có hiệu quả, giảm được hao phí và giảm giá thành, đồng thời tăng năng suất. Phương pháp này bao gồm: Kiểm tra chất lượng bằng thống kê SPC ( Statistical Process Control ), Kiểm tra chất lượng đồng bộ TQC ( Total Quality Control ), Kiểm tra chất lượng toàn công ti CWQC ( Company Wide Quality Control ). Lí thuyết này đã giúp người Nhật phát triển kinh tế một cách nhanh chóng, từ đó lí thuyết này mới được áp dụng vào kinh tế Mỹ với cái tên Quản trị chất lượng đồng bộ TQM ( Total Quality Management )</subfield>
  </datafield>
  <datafield tag="650" ind1=" " ind2=" ">
   <subfield code="a">management</subfield>
  </datafield>
  <datafield tag="980" ind1=" " ind2=" ">
   <subfield code="a">Trung tâm Học liệu Trường Đại học Cần Thơ</subfield>
  </datafield>
 </record>
</collection>
